Monólogo del hombre-dios (Record no. 176485)

MARC details
000 -LEADER
campo de control de longitud fija 00563nam a22001695i 4500
001 - NÚMERO DE CONTROL
campo de control 176485
003 - IDENTIFICADOR DE NÚMERO DE CONTROL
campo de control ES-MaACL
005 - FECHA Y HORA DE LA ÚLTIMA TRANSACCIÓN
campo de control 20230906220110.0
008 - DATOS DE LONGITUD FIJA--INFORMACIÓN GENERAL
campo de control de longitud fija 110119s2008 sp |||| | spa d
020 ## - NÚMERO INTERNACIONAL ESTÁNDAR DEL LIBRO
Número Internacional Estándar del Libro 978-84-612-7295-2
080 ## - NÚMERO DE LA CLASIFICACIÓN DECIMAL UNIVERSAL
Número de la Clasificación Decimal Universal 821.134.2-96"19"
100 1# - ENTRADA PRINCIPAL--NOMBRE DE PERSONA
Nombre de persona Navarro Zamorano, Salvador.
9 (RLIN) 85196
245 10 - MENCIÓN DEL TÍTULO
Título Monólogo del hombre-dios
Resto del título : recordando nuestra inmortalidad /
Mención de responsabilidad, etc. autor: Salvador Navarro Zamorano.
260 ## - PUBLICACIÓN, DISTRIBUCIÓN, ETC.
Lugar de publicación, distribución, etc. [Bunyola (Mallorca) :
Nombre del editor, distribuidor, etc. Salvador Navarro Zamorano],
Fecha de publicación, distribución, etc. D. L. 2008.
300 ## - DESCRIPCIÓN FÍSICA
Extensión 143 p. ;
Dimensiones 21 cm.
852 ## - LOCALIZACIÓN
Ubicación ES-MaACL
Número de control de estantería E-14085
Holdings
Estatus retirado Estado de pérdida Estado de daño No para préstamo Biblioteca de origen Biblioteca actual Ubicación en estantería Fecha de adquisición Fuente de adquisición Total de préstamos Signatura topográfica completa Código de barras Visto por última vez Precio de reemplazo Tipo de ítem Koha
        Biblioteca del Ateneo de Madrid Biblioteca del Ateneo de Madrid Depósito 2 19/01/2011     E-14085 1185346 23/02/2023 23/02/2023 Libro impreso